000
00318nam a22001457a 4500
008
210526b ||||| |||| 00| 0 eng d
020
_a
2000206
041
_a
eng
080
_2
11th
_a
510
082
_a
510
100
_a
36
101
_a
MAT
245
_a
Essentials of College Algebra
_c
Lial,M.L
942
_2
udc
_c
BK
999
_c
57645
_d
57645